Lamar Jackson Quiz - Statistics

General Stats
  • This quiz has been taken 217 times
  • The average score is 12 of 15
Answer Stats
Hint Answer % Correct
What year was he drafted? 2018
97%
What round of that draft? 1
96%
Which NFL team drafted him? Baltimore Ravens
96%
What year did he win the Heisman? 2016
92%
What number does Jackson wear? 8
91%
What year did Jackson win his first MVP? 2019
88%
What year did Jackson win his second MVP? 2023
88%
Which pick of that round? 32
86%
What US State did he grow up in? Florida
86%
What College did he play for? Louisville
86%
Draft Quote: "They're Gonna Get a _____ ____ Out of Me. Believe That" Super Bowl
73%
Against which team did Jackson win his first NFL Playoff game? Tennessee Titans
64%
Against which team did Jackson make his NFL Regular Season debut? Buffalo Bills
55%
Against which team did Jackson make his NFL Playoff debut? Los Angeles Chargers
49%
How much did Jackson sign for in his 5-year contract extension in August of 2023? 260 million
22%
No matching quizzes found
Score Distribution
Percent of People with Each Score
Percentile by Number Answered
Your Score History
You have not taken this quiz